[Event "v4camp2016"]
[Site "?"]
[Date "2016.06.25"]
[Round "7.1"]
[White "Suchomelova, Simona"]
[Black "Molenda, Marcin"]
[Result "0-1"]
[BlackElo "2235"]
[WhiteElo "1833"]
[LiveChessVersion "1.4.8"]

1. e4 {[%clk 1:30:57]} c5 {[%clk 1:30:56]} 2. Nf3 {[%clk 1:31:19]} Nc6
{[%clk 1:31:21]} 3. d4 {[%clk 1:31:41]} cxd4 {[%clk 1:31:46]} 4. Nxd4
{[%clk 1:32:04]} g6 {[%clk 1:32:12]} 5. g3 {[%clk 1:32:13]} Bg7 {[%clk 1:32:35]}
6. Ne2 {[%clk 1:32:35]} Nf6 {[%clk 1:33:00]} 7. Nbc3 {[%clk 1:32:50]} O-O
{[%clk 1:33:23]} 8. Bg2 {[%clk 1:33:05]} Rb8 {[%clk 1:33:47]} 9. a4
{[%clk 1:31:58]} d6 {[%clk 1:34:11]} 10. O-O {[%clk 1:32:37]} a6 {[%clk 1:34:39]}
11. h3 {[%clk 1:31:33]} b5 {[%clk 1:35:05]} 12. axb5 {[%clk 1:31:17]} axb5
{[%clk 1:35:30]} 13. Nd5 {[%clk 1:29:33]} Nd7 {[%clk 1:35:56]} 14. Ra2
{[%clk 1:25:06]} e6 {[%clk 1:33:16]} 15. Ne3 {[%clk 1:22:38]} Nc5
{[%clk 1:33:39]} 16. Bd2 {[%clk 1:14:34]} b4 {[%clk 1:32:42]} 17. b3
{[%clk 1:13:07]} Ba6 {[%clk 1:32:40]} 18. Re1 {[%clk 1:12:17]} Qc7
{[%clk 1:31:45]} 19. Bc1 {[%clk 1:09:04]} Ra8 {[%clk 1:31:14]} 20. Qd2
{[%clk 1:03:44]} Bb5 {[%clk 1:26:29]} 21. Rxa8 {[%clk 0:52:29]} Rxa8
{[%clk 1:26:52]} 22. Rd1 {[%clk 0:52:34]} Ra1 {[%clk 1:26:52]} 23. Nc4
{[%clk 0:49:41]} Na4 {[%clk 1:13:26]} 24. Bf1 {[%clk 0:30:22]} Bxc4
{[%clk 1:10:02]} 25. bxc4 {[%clk 0:30:41]} Nc3 {[%clk 1:09:00]} 26. Nxc3
{[%clk 0:26:37]} Bxc3 {[%clk 1:09:23]} 27. Qd3 {[%clk 0:19:25]} Ne5
{[%clk 1:06:26]} 28. Qe2 {[%clk 0:19:35]} Qc6 {[%clk 1:05:37]} 29. f4
{[%clk 0:15:56]} Nd7 {[%clk 1:06:04]} 30. Bd2 {[%clk 0:13:54]} Rxd1
{[%clk 1:05:38]} 31. Qxd1 {[%clk 0:14:18]} Qxe4 {[%clk 1:04:28]} 32. Bxc3
{[%clk 0:11:22]} Qe3+ {[%clk 1:04:50]} 33. Kh2 {[%clk 0:05:36]} Qxc3
{[%clk 1:05:17]} 34. Qxd6 {[%clk 0:04:16]} Nf6 {[%clk 1:05:27]} 35. Qb8+
{[%clk 0:01:21]} Kg7 {[%clk 1:05:50]} 36. Qe5 {[%clk 0:01:34]} Qxc2+
{[%clk 1:06:14]} 37. Be2 {[%clk 0:01:39]} b3 {[%clk 1:05:02]} 38. g4
{[%clk 0:01:52]} Qe4 {[%clk 1:05:19]} 39. Qxe4 {[%clk 0:01:46]} Nxe4
{[%clk 1:05:45]} 40. Bd3 {[%clk 0:01:21]} Nc5 {[%clk 1:06:07]} 41. Bb1
{[%clk 0:01:33]} b2 {[%clk 1:05:14]} 42. Kg3 {[%clk 0:01:21]} Kf6
{[%clk 1:05:16]} 43. Kf3 {[%clk 0:01:34]} Na4 {[%clk 1:03:48]} 44. g5+
{[%clk 0:01:22]} Ke7 {[%clk 1:04:09]} 45. Ke3 {[%clk 0:01:11]} Nc3
{[%clk 1:04:30]} 46. Bc2 {[%clk 0:01:27]} b1=Q {[%clk 1:04:18]} 47. Bxb1
{[%clk 0:01:49]} Nxb1 {[%clk 1:04:45]} 48. Kd3 {[%clk 0:01:51]} Na3
{[%clk 1:05:02]} 49. Kc3 {[%clk 0:01:36]} Kd6 {[%clk 1:05:25]} 50. Kb3
{[%clk 0:01:44]} Nxc4 {[%clk 1:05:47]} 51. Kxc4 {[%clk 0:01:59]} e5
{[%clk 1:06:14]} 0-1

[Event "v4camp2016"]
[Site "?"]
[Date "2016.06.25"]
[Round "7.2"]
[White "Drozniak, Stanislaw"]
[Black "Nemcova, Kamila"]
[Result "1/2-1/2"]
[BlackElo "1743"]
[WhiteElo "2179"]
[LiveChessVersion "1.4.8"]

1. e4 {[%clk 1:30:58]} d5 {[%clk 1:30:32]} 2. exd5 {[%clk 1:31:21]} Qxd5
{[%clk 1:30:55]} 3. Nc3 {[%clk 1:31:45]} Qa5 {[%clk 1:31:19]} 4. d4
{[%clk 1:32:08]} Nf6 {[%clk 1:31:19]} 5. Bc4 {[%clk 1:32:29]} c6 {[%clk 1:31:36]}
6. Qe2 {[%clk 1:32:08]} Bf5 {[%clk 1:30:04]} 7. Nf3 {[%clk 1:32:27]} e6
{[%clk 1:29:56]} 8. Bd2 {[%clk 1:32:19]} Qc7 {[%clk 1:28:04]} 9. Ne5
{[%clk 1:31:33]} Nbd7 {[%clk 1:27:40]} 10. Bf4 {[%clk 1:16:26]} Bd6
{[%clk 1:23:38]} 11. Bg3 {[%clk 1:11:25]} O-O {[%clk 1:20:35]} 12. O-O
{[%clk 1:06:56]} Nb6 {[%clk 1:12:18]} 13. Bd3 {[%clk 1:06:42]} Bxd3
{[%clk 1:11:54]} 14. Nxd3 {[%clk 1:05:17]} Rfd8 {[%clk 1:10:41]} 15. Ne4
{[%clk 1:05:09]} Nxe4 {[%clk 1:09:58]} 16. Qxe4 {[%clk 1:05:14]} Bxg3
{[%clk 1:07:38]} 17. hxg3 {[%clk 1:03:28]} Nd7 {[%clk 1:01:08]} 18. Rad1
{[%clk 1:01:27]} Qb6 {[%clk 0:57:53]} 19. c3 {[%clk 1:00:39]} Qa5
{[%clk 0:56:15]} 20. a3 {[%clk 0:59:28]} Qa4 {[%clk 0:53:12]} 21. Rfe1
{[%clk 0:50:40]} b6 {[%clk 0:46:09]} 22. Nb4 {[%clk 0:41:27]} Rac8
{[%clk 0:43:17]} 23. Qc2 {[%clk 0:41:41]} Qxc2 {[%clk 0:42:40]} 24. Nxc2
{[%clk 0:42:05]} Nf6 {[%clk 0:42:34]} 25. f3 {[%clk 0:42:03]} Rd6
{[%clk 0:40:56]} 26. Ne3 {[%clk 0:42:12]} Rcd8 {[%clk 0:40:22]} 27. Kf2
{[%clk 0:42:03]} Kf8 {[%clk 0:39:14]} 28. Ke2 {[%clk 0:42:10]} Nh5
{[%clk 0:38:37]} 29. Kf2 {[%clk 0:41:49]} Nf6 {[%clk 0:36:59]} 30. Nc4
{[%clk 0:40:08]} Rd5 {[%clk 0:37:12]} 31. Ne3 {[%clk 0:38:59]} R5d6
{[%clk 0:37:01]} 32. g4 {[%clk 0:33:06]} h6 {[%clk 0:35:34]} 33. g3
{[%clk 0:32:32]} Nd7 {[%clk 0:34:52]} 34. Nc4 {[%clk 0:32:24]} Rd5
{[%clk 0:35:15]} 35. Ne3 {[%clk 0:32:18]} Rd6 {[%clk 0:35:41]} 36. Nc4
{[%clk 0:28:00]} Rd5 {[%clk 0:36:00]} 37. Ne3 {[%clk 0:28:26]} Rd6
{[%clk 0:35:31]} 1/2-1/2

[Event "v4camp2016"]
[Site "?"]
[Date "2016.06.25"]
[Round "7.3"]
[White "Volaninova, Sarka"]
[Black "Galuszka, Tomasz"]
[Result "1/2-1/2"]
[BlackElo "1714"]
[WhiteElo "1752"]
[LiveChessVersion "1.4.8"]

1. e4 {[%clk 1:30:58]} d5 {[%clk 1:30:55]} 2. exd5 {[%clk 1:31:21]} Nf6
{[%clk 1:31:19]} 3. d4 {[%clk 1:30:50]} Nxd5 {[%clk 1:31:44]} 4. c4
{[%clk 1:30:38]} Nb6 {[%clk 1:32:09]} 5. Nc3 {[%clk 1:28:44]} c6 {[%clk 1:31:42]}
6. Be2 {[%clk 1:26:15]} g6 {[%clk 1:31:40]} 7. h3 {[%clk 1:25:44]} Bg7
{[%clk 1:31:59]} 8. Nf3 {[%clk 1:26:03]} O-O {[%clk 1:32:17]} 9. Bf4
{[%clk 1:25:27]} N8d7 {[%clk 1:31:47]} 10. Qd2 {[%clk 1:18:55]} Re8
{[%clk 1:31:25]} 11. O-O {[%clk 1:18:49]} e5 {[%clk 1:29:23]} 12. dxe5
{[%clk 1:09:07]} Nxe5 {[%clk 1:29:33]} 13. Nxe5 {[%clk 1:07:17]} Qxd2
{[%clk 1:24:48]} 14. Bxd2 {[%clk 1:07:45]} Bxe5 {[%clk 1:25:03]} 15. Rfe1
{[%clk 1:06:39]} Be6 {[%clk 1:24:11]} 16. c5 {[%clk 1:01:26]} Nc4
{[%clk 1:21:18]} 17. Bxc4 {[%clk 1:00:14]} Bxc4 {[%clk 1:21:38]} 18. Ne4
{[%clk 0:54:58]} Rad8 {[%clk 1:14:33]} 19. Bc3 {[%clk 0:52:52]} Bxc3
{[%clk 1:12:25]} 20. bxc3 {[%clk 0:50:13]} Kf8 {[%clk 1:10:20]} 21. Nd6
{[%clk 0:49:22]} Rxe1+ {[%clk 1:09:21]} 22. Rxe1 {[%clk 0:49:51]} Ba6
{[%clk 1:05:33]} 23. Rb1 {[%clk 0:46:28]} Rd7 {[%clk 1:02:01]} 24. a4
{[%clk 0:46:22]} Re7 {[%clk 1:01:01]} 25. Rb2 {[%clk 0:40:36]} Re1+
{[%clk 1:00:11]} 26. Kh2 {[%clk 0:39:09]} Re5 {[%clk 0:59:58]} 1/2-1/2

[Event "v4camp2016"]
[Site "?"]
[Date "2016.06.25"]
[Round "7.4"]
[White "Kordela, Monika"]
[Black "Homolkova, Ivana"]
[Result "1/2-1/2"]
[BlackElo "1645"]
[WhiteElo "1724"]
[LiveChessVersion "1.4.8"]

1. d4 {[%clk 1:30:57]} d5 {[%clk 1:30:50]} 2. c4 {[%clk 1:31:24]} e6
{[%clk 1:31:11]} 3. Nc3 {[%clk 1:31:46]} Nf6 {[%clk 1:31:31]} 4. Bg5
{[%clk 1:32:08]} c6 {[%clk 1:31:54]} 5. e3 {[%clk 1:31:49]} Be7 {[%clk 1:31:56]}
6. Nf3 {[%clk 1:32:11]} O-O {[%clk 1:32:05]} 7. cxd5 {[%clk 1:32:33]} exd5
{[%clk 1:32:24]} 8. Bd3 {[%clk 1:32:56]} Re8 {[%clk 1:32:07]} 9. O-O
{[%clk 1:32:51]} Ne4 {[%clk 1:29:59]} 10. Bxe7 {[%clk 1:30:26]} Qxe7
{[%clk 1:30:04]} 11. Rc1 {[%clk 1:28:18]} Bg4 {[%clk 1:27:24]} 12. Re1
{[%clk 1:24:22]} Nd7 {[%clk 1:24:56]} 13. h3 {[%clk 1:22:05]} Bh5
{[%clk 1:25:07]} 14. a3 {[%clk 1:18:37]} a5 {[%clk 1:20:52]} 15. Be2
{[%clk 1:13:14]} Ndf6 {[%clk 1:13:22]} 16. Ne5 {[%clk 1:09:43]} Bxe2
{[%clk 1:13:07]} 17. Qxe2 {[%clk 1:09:52]} Nxc3 {[%clk 1:10:14]} 18. Rxc3
{[%clk 1:08:06]} Ne4 {[%clk 1:10:18]} 19. Rc2 {[%clk 1:06:44]} f6
{[%clk 1:09:28]} 20. Nd3 {[%clk 1:04:55]} Nd6 {[%clk 1:05:33]} 21. Qg4
{[%clk 1:00:16]} Qe4 {[%clk 1:02:04]} 22. Qxe4 {[%clk 0:58:21]} Nxe4
{[%clk 1:02:13]} 23. Nc5 {[%clk 0:56:39]} Nxc5 {[%clk 0:58:46]} 24. Rxc5
{[%clk 0:57:03]} Kf7 {[%clk 0:58:16]} 25. Rec1 {[%clk 0:54:56]} Ke6
{[%clk 0:56:55]} 26. R1c3 {[%clk 0:51:13]} Kd6 {[%clk 0:48:26]} 27. Rb3
{[%clk 0:49:05]} Reb8 {[%clk 0:48:33]} 28. Rb6 {[%clk 0:42:04]} Kc7
{[%clk 0:48:00]} 29. Rbb5 {[%clk 0:38:06]} b6 {[%clk 0:47:48]} 30. Rc2
{[%clk 0:38:14]} Kd6 {[%clk 0:47:35]} 31. Rb3 {[%clk 0:38:16]} c5
{[%clk 0:46:25]} 32. Rxb6+ {[%clk 0:38:19]} Rxb6 {[%clk 0:46:11]} 33. dxc5+
{[%clk 0:38:45]} Kc6 {[%clk 0:46:10]} 34. cxb6+ {[%clk 0:39:10]} Kxb6
{[%clk 0:46:15]} 35. Kf1 {[%clk 0:38:51]} Ra7 {[%clk 0:46:25]} 36. Ke2
{[%clk 0:38:47]} Kb5 {[%clk 0:46:06]} 37. Kd3 {[%clk 0:37:55]} Ka4
{[%clk 0:44:40]} 38. Kc3 {[%clk 0:27:12]} Rc7+ {[%clk 0:44:49]} 1/2-1/2

[Event "v4camp2016"]
[Site "?"]
[Date "2016.06.25"]
[Round "7.5"]
[White "Kuna, Martin"]
[Black "Krzeminski, Sebastian"]
[Result "1/2-1/2"]
[BlackElo "1832"]
[WhiteElo "1861"]
[LiveChessVersion "1.4.8"]

1. e4 {[%clk 1:30:54]} c6 {[%clk 1:30:55]} 2. d4 {[%clk 1:31:16]} d5
{[%clk 1:31:22]} 3. Nc3 {[%clk 1:31:36]} dxe4 {[%clk 1:31:29]} 4. Nxe4
{[%clk 1:31:55]} Bf5 {[%clk 1:31:56]} 5. Ng3 {[%clk 1:32:15]} Bg6
{[%clk 1:32:22]} 6. h4 {[%clk 1:32:39]} h6 {[%clk 1:32:39]} 7. Nf3
{[%clk 1:32:59]} Nd7 {[%clk 1:31:41]} 8. h5 {[%clk 1:32:22]} Bh7 {[%clk 1:31:30]}
9. Bd3 {[%clk 1:32:45]} Bxd3 {[%clk 1:32:19]} 10. Qxd3 {[%clk 1:33:13]} Ngf6
{[%clk 1:31:27]} 11. Bd2 {[%clk 1:30:49]} e6 {[%clk 1:25:25]} 12. Ne4
{[%clk 1:27:43]} Nxe4 {[%clk 1:20:43]} 13. Qxe4 {[%clk 1:28:10]} Nf6
{[%clk 1:21:05]} 14. Qe2 {[%clk 1:28:37]} Qd5 {[%clk 1:16:14]} 15. c4
{[%clk 1:21:05]} Qe4 {[%clk 1:15:36]} 16. Rh4 {[%clk 1:12:37]} Qxe2+
{[%clk 1:11:06]} 17. Kxe2 {[%clk 1:12:51]} c5 {[%clk 1:08:40]} 18. Bc3
{[%clk 1:08:14]} Be7 {[%clk 1:05:47]} 19. dxc5 {[%clk 1:02:51]} Bxc5
{[%clk 1:05:54]} 20. Rd1 {[%clk 1:01:33]} Rd8 {[%clk 1:03:03]} 21. Rxd8+
{[%clk 0:59:08]} Kxd8 {[%clk 1:03:24]} 22. Ne5 {[%clk 0:59:28]} Ke7
{[%clk 1:02:32]} 23. Ng4 {[%clk 0:53:50]} Ne8 {[%clk 0:57:53]} 24. b4
{[%clk 0:47:46]} Bd6 {[%clk 0:54:21]} 25. Rh3 {[%clk 0:44:42]} f6
{[%clk 0:49:27]} 26. Rd3 {[%clk 0:42:48]} b6 {[%clk 0:49:06]} 27. Ne3
{[%clk 0:40:25]} Bb8 {[%clk 0:41:51]} 28. Nc2 {[%clk 0:38:27]} Nd6
{[%clk 0:33:22]} 29. Nd4 {[%clk 0:33:20]} Rc8 {[%clk 0:30:46]} 30. b5
{[%clk 0:32:43]} e5 {[%clk 0:22:34]} 31. Nc6+ {[%clk 0:31:26]} Ke6
{[%clk 0:22:51]} 32. g4 {[%clk 0:19:03]} a5 {[%clk 0:20:56]} 1/2-1/2

[Event "v4camp2016"]
[Site "?"]
[Date "2016.06.25"]
[Round "7.6"]
[White "Urbanski, Wojciech"]
[Black "Krupa, Miroslav"]
[Result "1-0"]
[BlackElo "1889"]
[WhiteElo "1636"]
[LiveChessVersion "1.4.8"]

1. e4 {[%clk 1:30:58]} c5 {[%clk 1:30:55]} 2. Nf3 {[%clk 1:31:25]} d6
{[%clk 1:31:19]} 3. d4 {[%clk 1:31:52]} cxd4 4. Nxd4 Nf6 {[%clk 1:31:31]} 5. Nc3
{[%clk 1:32:16]} a6 {[%clk 1:31:58]} 6. f3 {[%clk 1:32:41]} e6 {[%clk 1:31:56]}
7. Be3 {[%clk 1:33:05]} b5 {[%clk 1:32:08]} 8. Qd2 {[%clk 1:32:31]} Bb7
{[%clk 1:30:34]} 9. Be2 {[%clk 1:29:43]} Be7 {[%clk 1:26:03]} 10. O-O-O
{[%clk 1:23:08]} Nbd7 {[%clk 1:25:25]} 11. g4 {[%clk 1:22:04]} Nb6
{[%clk 1:23:24]} 12. Bd3 {[%clk 1:21:25]} Nfd7 {[%clk 1:20:31]} 13. f4
{[%clk 1:13:51]} Nc5 {[%clk 1:13:08]} 14. Rhg1 {[%clk 1:12:44]} Rc8
{[%clk 1:10:03]} 15. Kb1 {[%clk 1:11:10]} b4 {[%clk 0:59:52]} 16. Nce2
{[%clk 1:10:30]} Bxe4 {[%clk 0:50:29]} 17. Bxe4 {[%clk 1:07:24]} Nxe4
{[%clk 0:49:24]} 18. Qxb4 {[%clk 1:04:29]} Qc7 {[%clk 0:25:46]} 19. c3
{[%clk 1:02:37]} Nc5 {[%clk 0:12:34]} 20. Nc2 {[%clk 0:58:18]} O-O
{[%clk 0:03:18]} 21. f5 {[%clk 0:57:32]} Nd5 {[%clk 0:01:56]} 22. Qd4
{[%clk 0:57:03]} Bf6 {[%clk 0:01:44]} 23. Qc4 {[%clk 0:54:35]} Nxe3
{[%clk 0:02:03]} 24. Nxe3 {[%clk 0:54:44]} d5 {[%clk 0:01:36]} 25. Qf4
{[%clk 0:52:05]} Qxf4 {[%clk 0:01:35]} 26. Nxf4 {[%clk 0:51:25]} Bg5
{[%clk 0:00:56]} 27. Neg2 1-0

[Event "v4camp2016"]
[Site "?"]
[Date "2016.06.25"]
[Round "7.7"]
[White "Batora, Matej"]
[Black "Kulesza, Andrzej"]
[Result "0-1"]
[BlackElo "1618"]
[WhiteElo "1897"]
[LiveChessVersion "1.4.8"]

1. e4 {[%clk 1:30:58]} c5 {[%clk 1:30:52]} 2. Nf3 {[%clk 1:31:24]} Nc6
{[%clk 1:31:09]} 3. d4 {[%clk 1:31:49]} cxd4 {[%clk 1:31:32]} 4. Nxd4
{[%clk 1:32:14]} g6 {[%clk 1:31:52]} 5. c4 {[%clk 1:32:38]} Bg7 {[%clk 1:32:12]}
6. Be3 {[%clk 1:33:02]} Nf6 {[%clk 1:32:24]} 7. Nc3 {[%clk 1:32:32]} d6
{[%clk 1:32:36]} 8. Be2 {[%clk 1:30:39]} O-O {[%clk 1:32:15]} 9. Rc1
{[%clk 1:28:43]} Bd7 {[%clk 1:30:46]} 10. O-O {[%clk 1:27:17]} Nxd4
{[%clk 1:28:37]} 11. Bxd4 {[%clk 1:27:18]} Bc6 {[%clk 1:28:21]} 12. f3
{[%clk 1:22:56]} a5 {[%clk 1:26:11]} 13. b3 {[%clk 1:11:13]} Nd7 {[%clk 1:23:46]}
14. Bxg7 {[%clk 1:08:24]} Kxg7 {[%clk 1:24:10]} 15. Qd4+ {[%clk 1:07:37]} Kg8
{[%clk 1:21:18]} 16. Nd5 {[%clk 1:04:19]} Bxd5 {[%clk 1:20:51]} 17. exd5
{[%clk 1:04:42]} Qb6 {[%clk 1:20:56]} 18. Qxb6 {[%clk 1:04:42]} Nxb6
{[%clk 1:21:21]} 19. f4 {[%clk 1:04:28]} Nd7 {[%clk 1:20:50]} 20. Bg4
{[%clk 1:04:01]} f5 {[%clk 1:16:58]} 21. Bf3 {[%clk 1:03:54]} Nc5
{[%clk 1:16:26]} 22. Rce1 {[%clk 1:03:18]} Rae8 {[%clk 1:15:51]} 23. Re3
{[%clk 1:02:58]} Rf7 {[%clk 1:13:44]} 24. Rfe1 {[%clk 1:00:52]} Kf8
{[%clk 1:13:17]} 25. Bd1 {[%clk 0:56:52]} Rb8 {[%clk 1:10:02]} 26. Bc2
{[%clk 0:50:23]} b5 {[%clk 1:07:19]} 27. cxb5 {[%clk 0:47:09]} Rxb5
{[%clk 1:07:38]} 28. Bd3 {[%clk 0:46:41]} Rb4 {[%clk 1:07:55]} 29. Bc4
{[%clk 0:46:24]} Ne4 {[%clk 1:06:09]} 30. R1e2 {[%clk 0:45:26]} Kg7
{[%clk 1:05:28]} 31. g4 {[%clk 0:44:00]} Kf6 {[%clk 1:04:25]} 32. g5+
{[%clk 0:44:16]} Kg7 {[%clk 1:04:46]} 33. Kg2 {[%clk 0:40:40]} Kf8
{[%clk 1:03:54]} 34. Kf3 {[%clk 0:38:35]} Rb7 {[%clk 0:59:42]} 35. Rc2
{[%clk 0:34:46]} Kg7 {[%clk 0:55:26]} 36. Ba6 {[%clk 0:26:17]} Ra7
{[%clk 0:55:10]} 37. Rc6 {[%clk 0:19:47]} Nc5 {[%clk 0:54:30]} 38. Bc8
{[%clk 0:19:25]} Rf8 {[%clk 0:53:18]} 39. Ke2 {[%clk 0:17:31]} h6
{[%clk 0:51:16]} 40. h4 {[%clk 0:16:27]} hxg5 {[%clk 0:51:37]} 41. hxg5
{[%clk 0:16:47]} Rh8 {[%clk 0:51:47]} 42. Kd2 {[%clk 0:09:10]} Rh2+
{[%clk 0:50:55]} 43. Re2 {[%clk 0:09:25]} Ne4+ {[%clk 0:51:07]} 44. Ke3
{[%clk 0:08:26]} Rh3+ {[%clk 0:51:16]} 45. Kd4 {[%clk 0:07:22]} Rf3
{[%clk 0:51:19]} 46. Rh2 {[%clk 0:06:28]} Rxf4 {[%clk 0:50:58]} 47. Ke3
{[%clk 0:05:39]} Rg4 {[%clk 0:51:02]} 48. Be6 {[%clk 0:05:00]} Nxg5
{[%clk 0:50:10]} 0-1

[Event "v4camp2016"]
[Site "?"]
[Date "2016.06.25"]
[Round "7.8"]
[White "Waszczuk, Patrycja"]
[Black "Hlavinova, Martina"]
[Result "1-0"]
[BlackElo "1318"]
[WhiteElo "1798"]
[LiveChessVersion "1.4.8"]

1. e4 {[%clk 1:30:55]} e5 {[%clk 1:30:56]} 2. Nf3 {[%clk 1:31:04]} Nc6
{[%clk 1:31:18]} 3. Bb5 {[%clk 1:31:23]} a6 {[%clk 1:31:38]} 4. Ba4
{[%clk 1:31:47]} Nf6 {[%clk 1:30:56]} 5. d3 {[%clk 1:31:35]} b5 {[%clk 1:30:32]}
6. Bb3 {[%clk 1:31:33]} Be7 {[%clk 1:30:31]} 7. O-O {[%clk 1:31:22]} O-O
{[%clk 1:29:03]} 8. Nbd2 {[%clk 1:30:29]} d6 {[%clk 1:28:15]} 9. c3
{[%clk 1:30:32]} Bb7 {[%clk 1:25:19]} 10. Re1 {[%clk 1:29:28]} Na5
{[%clk 1:25:13]} 11. Bc2 {[%clk 1:29:29]} c5 {[%clk 1:25:28]} 12. Nf1
{[%clk 1:27:33]} Qc7 {[%clk 1:20:51]} 13. Ng3 {[%clk 1:26:37]} Rfe8
{[%clk 1:15:09]} 14. Nf5 {[%clk 1:25:26]} Bf8 {[%clk 1:10:31]} 15. Bg5
{[%clk 1:23:15]} Nd7 {[%clk 0:52:36]} 16. Rc1 {[%clk 1:20:59]} Nc6
{[%clk 0:44:48]} 17. d4 {[%clk 1:17:24]} Ne7 {[%clk 0:41:44]} 18. N3h4
{[%clk 1:11:48]} Ng6 {[%clk 0:40:15]} 19. Nf3 {[%clk 0:58:22]} Nb6
{[%clk 0:34:51]} 20. h4 {[%clk 0:48:59]} Bc8 {[%clk 0:25:05]} 21. Qd3
{[%clk 0:42:33]} c4 {[%clk 0:18:57]} 22. Qd2 {[%clk 0:42:16]} Nd7
{[%clk 0:17:00]} 23. Rcd1 {[%clk 0:41:49]} f6 {[%clk 0:15:51]} 24. Be3
{[%clk 0:42:03]} Ne7 {[%clk 0:14:58]} 25. dxe5 {[%clk 0:39:39]} Qc6
{[%clk 0:08:39]} 26. Nxd6 {[%clk 0:38:45]} Rd8 {[%clk 0:08:51]} 27. Nd4
{[%clk 0:39:07]} Qc7 {[%clk 0:07:22]} 28. Ne6 {[%clk 0:39:30]} Qb8
{[%clk 0:07:14]} 29. Nxd8 {[%clk 0:39:49]} Nxe5 {[%clk 0:07:04]} 30. Nxc8
{[%clk 0:37:40]} Qxc8 {[%clk 0:07:17]} 31. f4 {[%clk 0:37:44]} N5g6
{[%clk 0:07:01]} 32. h5 {[%clk 0:37:52]} 1-0

[Event "v4camp2016"]
[Site "?"]
[Date "2016.06.25"]
[Round "7.9"]
[White "Golda, Sebastian"]
[Black "Bubnov, Kirill"]
[Result "0-1"]
[BlackElo "2163"]
[WhiteElo "1877"]
[LiveChessVersion "1.4.8"]

1. e4 {[%clk 1:28:32]} e6 {[%clk 1:30:50]} 2. d4 {[%clk 1:28:19]} d5
{[%clk 1:31:16]} 3. Nd2 {[%clk 1:25:09]} c5 {[%clk 1:31:40]} 4. exd5
{[%clk 1:25:17]} Qxd5 {[%clk 1:32:06]} 5. dxc5 {[%clk 1:16:38]} Bxc5
{[%clk 1:30:55]} 6. Ngf3 {[%clk 1:12:04]} Nc6 {[%clk 1:31:02]} 7. Bd3
{[%clk 1:09:58]} Nf6 {[%clk 1:30:50]} 8. Nb3 {[%clk 1:10:13]} Bb6
{[%clk 1:29:26]} 9. c3 {[%clk 1:10:03]} O-O {[%clk 1:21:18]} 10. O-O
{[%clk 0:57:19]} e5 {[%clk 1:19:38]} 11. Be2 {[%clk 0:54:33]} Qxd1
{[%clk 1:17:43]} 12. Rxd1 {[%clk 0:54:56]} Bg4 {[%clk 1:17:54]} 13. h3
{[%clk 0:51:19]} Bh5 {[%clk 1:17:20]} 14. Be3 {[%clk 0:36:27]} e4
{[%clk 1:16:40]} 15. Nfd4 {[%clk 0:35:56]} Nxd4 {[%clk 1:17:08]} 16. Nxd4
{[%clk 0:34:15]} Bxd4 {[%clk 1:17:36]} 17. Bxd4 {[%clk 0:33:50]} Bxe2
{[%clk 1:18:04]} 18. Re1 {[%clk 0:34:10]} Bd3 {[%clk 1:18:28]} 19. Rad1
{[%clk 0:34:27]} Rfe8 {[%clk 1:17:21]} 20. Re3 {[%clk 0:34:29]} Nd5
{[%clk 1:17:31]} 21. Rg3 {[%clk 0:34:54]} f6 {[%clk 1:17:35]} 22. f3
{[%clk 0:34:15]} Nf4 {[%clk 1:16:34]} 23. Kh2 {[%clk 0:33:39]} Ne2
{[%clk 1:16:47]} 24. Rg4 {[%clk 0:34:04]} Nxd4 {[%clk 1:16:17]} 25. cxd4
{[%clk 0:34:32]} Be2 {[%clk 1:16:23]} 0-1

[Event "v4camp2016"]
[Site "?"]
[Date "2016.06.25"]
[Round "7.10"]
[White "Skafar, Darya"]
[Black "Korcyl, Patryk"]
[Result "1-0"]
[BlackElo "1527"]
[WhiteElo "2050"]
[LiveChessVersion "1.4.8"]

1. e4 {[%clk 1:30:57]} c5 {[%clk 1:30:46]} 2. Nf3 {[%clk 1:31:03]} d6
{[%clk 1:31:16]} 3. d4 cxd4 {[%clk 1:31:16]} 4. Nxd4 {[%clk 1:31:12]} Nf6
{[%clk 1:31:40]} 5. f3 a6 {[%clk 1:30:54]} 6. c4 {[%clk 1:28:45]} e6
{[%clk 1:29:07]} 7. Nc3 {[%clk 1:26:51]} Be7 {[%clk 1:28:59]} 8. Be3
{[%clk 1:23:13]} O-O {[%clk 1:28:31]} 9. Be2 {[%clk 1:18:07]} Qc7
{[%clk 1:21:49]} 10. O-O {[%clk 1:10:26]} Nc6 {[%clk 1:18:31]} 11. Qd2
{[%clk 1:06:01]} Bd7 {[%clk 1:11:59]} 12. Rac1 {[%clk 0:57:36]} Rfd8
{[%clk 1:03:17]} 13. Rfd1 {[%clk 0:52:48]} h6 {[%clk 0:58:56]} 14. b3
{[%clk 0:48:49]} Nh7 {[%clk 0:56:35]} 15. Nc2 {[%clk 0:41:28]} Be8
{[%clk 0:51:26]} 16. Na4 {[%clk 0:35:57]} Qb8 {[%clk 0:45:58]} 17. Nb6
{[%clk 0:31:31]} Ra7 {[%clk 0:46:07]} 18. Qe1 {[%clk 0:28:11]} Ne5
{[%clk 0:39:50]} 19. Qf2 {[%clk 0:24:22]} Nc6 {[%clk 0:37:31]} 20. b4
{[%clk 0:18:12]} Qc7 {[%clk 0:32:07]} 21. Na4 {[%clk 0:15:35]} Qc8
{[%clk 0:16:43]} 22. Bxa7 {[%clk 0:15:02]} Nxa7 {[%clk 0:17:00]} 23. Nb6
{[%clk 0:13:40]} Qc6 {[%clk 0:16:53]} 24. a4 {[%clk 0:06:55]} Nc8
{[%clk 0:14:28]} 25. Nxc8 {[%clk 0:05:50]} Qxc8 {[%clk 0:13:29]} 26. a5
{[%clk 0:04:23]} Nf6 {[%clk 0:13:11]} 27. Ne3 {[%clk 0:02:48]} Ba4
{[%clk 0:11:19]} 28. Re1 {[%clk 0:02:10]} Qd7 {[%clk 0:11:22]} 29. Bd1
{[%clk 0:01:50]} d5 {[%clk 0:10:20]} 30. Bxa4 {[%clk 0:00:47]} Qxa4
{[%clk 0:10:40]} 31. cxd5 {[%clk 0:00:43]} Bxb4 {[%clk 0:10:23]} 32. Red1
{[%clk 0:00:40]} exd5 {[%clk 0:09:41]} 33. Nxd5 {[%clk 0:00:37]} Nxd5
{[%clk 0:08:50]} 34. Rxd5 {[%clk 0:00:50]} Rxd5 {[%clk 0:08:49]} 35. exd5
{[%clk 0:01:11]} Bxa5 {[%clk 0:05:47]} 36. Rc8+ {[%clk 0:01:30]} Kh7
{[%clk 0:06:14]} 37. Qc2+ {[%clk 0:01:24]} Qxc2 {[%clk 0:06:42]} 38. Rxc2
{[%clk 0:01:49]} Kg6 {[%clk 0:07:05]} 39. d6 {[%clk 0:01:41]} Kf6
{[%clk 0:06:31]} 40. Re2 {[%clk 0:02:01]} Bb4 {[%clk 0:06:03]} 41. d7
{[%clk 0:01:45]} Be7 {[%clk 0:06:28]} 42. Rb2 {[%clk 0:01:06]} b5
{[%clk 0:06:45]} 43. Ra2 {[%clk 0:00:38]} Ke6 {[%clk 0:06:31]} 44. Rxa6+
{[%clk 0:00:48]} Kxd7 {[%clk 0:06:56]} 45. Kf1 {[%clk 0:00:48]} b4
{[%clk 0:07:02]} 46. Ke2 {[%clk 0:00:58]} Bd6 {[%clk 0:06:16]} 47. h3
{[%clk 0:00:49]} Ke6 {[%clk 0:04:45]} 48. Ke3 {[%clk 0:00:38]} Kd5
{[%clk 0:04:39]} 49. Kd3 {[%clk 0:00:52]} f5 {[%clk 0:03:45]} 50. Ra7
{[%clk 0:00:41]} Be5 {[%clk 0:03:23]} 51. Ra5+ {[%clk 0:00:42]} Ke6
{[%clk 0:03:34]} 52. Rb5 {[%clk 0:00:36]} Bd6 {[%clk 0:02:54]} 53. Rb7
{[%clk 0:00:46]} Kf6 {[%clk 0:02:03]} 54. Kd4 {[%clk 0:00:44]} Be5+
{[%clk 0:02:18]} 55. Kd5 {[%clk 0:00:46]} Bc3 {[%clk 0:02:41]} 56. f4
{[%clk 0:00:37]} Kg6 {[%clk 0:01:42]} 57. g4 {[%clk 0:00:44]} fxg4
{[%clk 0:01:35]} 58. hxg4 {[%clk 0:01:10]} Bd2 {[%clk 0:01:23]} 59. Rb6+
{[%clk 0:00:53]} Kf7 {[%clk 0:01:35]} 60. Ke5 {[%clk 0:00:51]} g5
{[%clk 0:00:57]} 61. Rb7+ {[%clk 0:00:42]} Kg8 {[%clk 0:01:05]} 62. f5 Be1 63.
Kf6 {[%clk 0:00:46]} Bc3+ {[%clk 0:00:34]} 64. Kg6 {[%clk 0:01:05]} Kf8
{[%clk 0:00:32]} 65. f6 {[%clk 0:00:43]} 1-0